000 00986nam a2200289Ia 4500
003 IN-BaIIA
008 211028s9999 xx s 000 0 eng d
020 _a978-3-540-44293-6 (Print)
020 _a978-3-540-45823-4 (Online)
022 _a0075-8450 (Print)
022 _a1616-6361 (Online)
040 _cIIA Library
100 _aMezei, Ferenc, ed.
_940085
245 0 _aNeutron Spin Echo Spectroscopy
_h[eBook]
260 _aHeidelberg, Berlin
_bSpringer Berlin Heidelberg
_c2003
300 _aOnline resource
490 _aLecture Notes in Physics
650 _a Characterization and Evaluation of Materials
_938380
650 _a Measurement Science and Instrumentation
_936561
650 _a Solid State Physics
650 _a Spectroscopy and Microscopy
650 _aPhysics
_973
700 _aGutberlet, Thomas, ed.
_940086
700 _aPappas, Catherine, ed.
_940087
856 _uhttp://doi.org/10.1007/3-540-45823-9
_yClick Here to Access eBook
942 _cEB
999 _c21674
_d21674